Bilecik Bilecik Bilecik Bilecik Bilecik

Batıya yönelirken Şinasî : (Record no. 23850)

MARC details
000 -BAŞLIK
Sabit Uzunluktaki Kontrol Alanı 01270nam a22003497a 4500
001 - KONTROL NUMARASI
Control Dosyası 0023896
003 - KONTROL NUMARASI KİMLİĞİ
Kontrol Alanı KOHA_MİRAKIL
005 - EN SON İŞLEM TARİHİ ve ZAMANI
Kontrol Alanı 20260207002423.0
007 - FİZİKSEL TANIM SABİT ALAN - GENEL BİLGİ
Sabit uzunluklu kontrol alanı ta
008 - SABİT UZUNLUKTAKİ VERİ ÖGELERİ - GENEL BİLGİ
Sabit Alan 101104b1962 tu |||gr||||#0|||1|tur |
040 ## - KATALOGLAMA KAYNAĞI
Özgün Kataloglama Kurumu TR-BiSEU
Kataloglama Dili tur
Çeviri Kurumu TR-BiSEU
Açıklama Kuralları rda
041 0# - DİL KODU
Metin ya da ses kaydının dil kodu tur
044 ## - YAYINLAYAN/ÜRETEN KURULUŞUN ÜLKE KODU
ISO country code tu
050 ## - SINIFLAMA ve YER NUMARASI
Sınıflama Numarası PL248.S52
Yer Numarası A35 1962
100 1# - KİŞİ ADI
Yazar Adı (Kişi adı) Akıncı, Gündüz.
245 1# - ESER ADI BİLDİRİMİ
Başlık Batıya yönelirken Şinasî :
Alt Eseradı vb. bir inceleme/
Sorumluluk Bildirimi Gündüz Akıncı ; Gündüz Akıncı.
264 #1 - ÜRERİM, YAYIN, DAĞITIM ve TELİF BİLDİRİMİ
Yayın yeri Ankara :
Yayınlayan Ankara Üniversitesi Dil ve Tarih-Coğrafya Fakültesi
Yayın tarihi 1962
300 ## - FİZİKSEL TANIMLAMA
Sayfa, Cilt vb. 47 sayfa; 25 cm.
336 ## - İÇERİK TÜRÜ
Content type term metin
Content type code txt
Source rdacontent
337 ## - MEDYA TÜRÜ
Media type term aracısız
Media type code n
Source rdamedia
338 ## - TAŞIYICI TÜRÜ
Carrier type term cilt
Carrier type code nc
Source rdacarrier
490 1# - DİZİ BİLDİRİMİ
Dizi Bildirimi Ankara Üniversitesi Dil ve Tarih-Coğrafya Fakültesi yayınları ;
Cilt Numarası 116.
490 1# - DİZİ BİLDİRİMİ
Dizi Bildirimi Türk edebiyatı serisi ;
Cilt Numarası 18.
500 ## - GENEL NOT
Genel Not "Gündüz Akıncı'nın yazdıkları": s. 47.
500 ## - GENEL NOT
Genel Not Kaynakça var.
650 #0 - KONU BAŞLIĞI EK GİRİŞ - KONU TERİMİ
Konusal terim veya coğrafi ad Türk yazarları 19. yüzyıl.
9 (RLIN) 48990
650 #0 - KONU BAŞLIĞI EK GİRİŞ - KONU TERİMİ
Konusal terim veya coğrafi ad Authors, Turkish-- 19th century--Criticism and interpretations.
9 (RLIN) 48991
830 1# - SERİ EK GİRİŞİ - TEKBİÇİM ESER ADI
Tekbiçim Başlık Ankara Üniversitesi Dil ve Tarih-Coğrafya Fakültesi yayınları ;
Volume number/sequential designation 116.
9 (RLIN) 17293
830 1# - SERİ EK GİRİŞİ - TEKBİÇİM ESER ADI
Tekbiçim Başlık Türk edebiyatı serisi ;
Volume number/sequential designation 18.
9 (RLIN) 48992
907 ## - LOCAL DATA ELEMENT G, LDG (RLIN)
a Roman
942 ## - EK GİRİŞ ÖGELERİ (KOHA)
Source of classification or shelving scheme Library of Congress Classification
Koha item type Book
Holdings
Materyal Türü Kalıcı Konum Mevcut Konum Raf Yeri Sınıflandırma Kaynağı Edinim Bilgisi Ana Konular Alt Konular Yer Numarası Demirbaş Numarası Fatura Tarihi Geri Çekilme Durumu Kayıp Durumu Hasarlı Durumu Kredi için değil Kayıt Tarih Toplam Ödünçverme Son Görülme Tarihi Son Kontrol Tarihi Genel / Bağış Notu
Book Prof. Dr. Azmi Özcan Kütüphanesi Prof. Dr. Azmi Özcan Kütüphanesi Birûni Salonu Library of Congress Classification Bağış DİL VE EDEBİYAT Doğu Asya, Afrika, Okyanusya Dilleri ve Edebiyatları PL248.S52 A35 1962 0023896 02/02/2026         04/11/2010 2 05/12/2024 05/12/2024 Genel Bağış